[Event "Titled Tuesday 2025.02.18 Late"]
[Site "chess.com INT"]
[Date "2025.02.18"]
[Round "2"]
[White "Yordanov, Nikolay1"]
[Black "Tayar, Jonathan"]
[Result "1-0"]
[WhiteElo "2222"]
[BlackElo "2344"]
[WhiteFideId "-1"]
[WhiteFideId "-1"]
[PlyCount "37"]
[GameId "2148950860113373"]
[EventDate "2025.02.18"]
[EventType "swiss (blitz)"]
[EventRounds "11"]
[EventCountry "NET"]
[SourceTitle "The Week in Chess 1581"]
[Source "Mark Crowther"]
[SourceDate "2025.02.24"]
[SourceVersion "1"]
[SourceVersionDate "2025.02.24"]
[SourceQuality "2"]

1. d4 Nf6 2. Bf4 d6 3. e3 g6 4. h3 Bg7 5. Nf3 Nbd7 6. Be2 c5 7. O-O a6 8. a4 b6 9. Nc3 Bb7 10. d5 O-O 11. e4 Re8 12. Re1 e5 13. dxe6 Rxe6 14. Ng5 Re7 15. Bxd6 Re8 16. Bc4 Ne5 17. Bxe5 Rxe5 18. Qxd8+ Rxd8 19. Nxf7 1-0

[Event "Titled Tuesday 2025.02.18 Late"]
[Site "chess.com INT"]
[Date "2025.02.18"]
[Round "3"]
[White "Tayar, Jonathan"]
[Black "Huseynova, Lala"]
[Result "1/2-1/2"]
[WhiteElo "2344"]
[BlackElo "2032"]
[WhiteFideId "-1"]
[WhiteFideId "-1"]
[PlyCount "72"]
[GameId "2148950860302122"]
[EventDate "2025.02.18"]
[EventType "swiss (blitz)"]
[EventRounds "11"]
[EventCountry "NET"]
[SourceTitle "The Week in Chess 1581"]
[Source "Mark Crowther"]
[SourceDate "2025.02.24"]
[SourceVersion "1"]
[SourceVersionDate "2025.02.24"]
[SourceQuality "2"]

1. e4 c5 2. Nc3 d6 3. Nf3 g6 4. h3 Bg7 5. d4 cxd4 6. Nxd4 Nc6 7. Be3 Nf6 8. g4 O-O 9. Be2 Nxd4 10. Bxd4 b6 11. f3 Bb7 12. Qd2 Rc8 13. O-O-O Qd7 14. h4 Qe6 15. Kb1 Nd7 16. Bxg7 Kxg7 17. h5 g5 18. Qxg5+ Kh8 19. Qd2 Ne5 20. Qd4 Kg8 21. f4 Nc6 22. Qe3 Nb4 23. Qd4 Rxc3 24. Qxb4 Re3 25. Bd3 Bxe4 26. Bxe4 Rxe4 27. Qd2 Rc8 28. Rhe1 Rxe1 29. Rxe1 Qxg4 30. Qf2 Qxh5 31. Rg1+ Kh8 32. Qg2 Qg6 33. Qh2 Qf5 34. Qg2 Qg6 35. Qf2 Qf5 36. Qg2 Qg6 1/2-1/2

[Event "Titled Tuesday 2022.11.01 Late"]
[Site "Chess.com INT"]
[Date "2022.11.01"]
[Round "5"]
[White "Matinian, Nikita"]
[Black "Tayar, Jonathan"]
[Result "0-1"]
[WhiteElo "2425"]
[BlackElo "2344"]
[WhiteFideId "-1"]
[WhiteFideId "-1"]
[PlyCount "84"]
[GameId "1844530291630080"]
[EventDate "2022.11.01"]
[EventType "swiss (blitz)"]
[EventRounds "11"]
[EventCountry "NET"]
[SourceTitle "EXT 2024"]
[Source "ChessBase"]
[SourceDate "2023.10.10"]
[SourceVersion "1"]
[SourceVersionDate "2023.10.10"]
[SourceQuality "1"]

1. e4 c5 2. Nf3 d6 3. d4 Nf6 4. Nc3 cxd4 5. Nxd4 a6 6. Bg5 e6 7. f4 Be7 8. Qf3 Qc7 9. g4 Nbd7 10. O-O-O h6 11. Bxf6 Bxf6 12. h4 Qb6 13. Nb3 g5 14. hxg5 hxg5 15. Rxh8+ Bxh8 16. Qh3 Bf6 17. e5 dxe5 18. Ne4 exf4 19. Qh7 Ke7 20. Bc4 Nf8 21. Qg8 Qe3+ 22. Nbd2 Bd7 23. Nxg5 Be8 24. Ngf3 Bc6 25. Re1 Qb6 26. c3 Bxf3 27. Nxf3 Qf2 28. Rf1 Qe3+ 29. Kc2 Rc8 30. g5 Bxc3 31. bxc3 Rxc4 32. Qg7 Ng6 33. Qf6+ Kd6 34. Rd1+ Kc6 35. Nd4+ Kb6 36. Rd3 Qe4 37. Qxf7 Qxd3+ 38. Kxd3 Ne5+ 39. Ke4 Nxf7 40. g6 Nh6 41. g7 Rxc3 42. Nxe6 Re3+ 0-1

[Event "Titled Tuesday 2022.09.13 Late"]
[Site "Chess.com INT"]
[Date "2022.09.13"]
[Round "1"]
[White "Tayar, Jonathan"]
[Black "Tarasova, Viktoriya"]
[Result "1-0"]
[WhiteElo "2344"]
[BlackElo "2226"]
[WhiteFideId "-1"]
[WhiteFideId "-1"]
[PlyCount "105"]
[GameId "1826751783989248"]
[EventDate "2022.09.13"]
[EventType "swiss (blitz)"]
[EventRounds "11"]
[EventCountry "NET"]
[SourceTitle "EXT 2023"]
[Source "ChessBase"]
[SourceDate "2022.10.05"]
[SourceVersion "1"]
[SourceVersionDate "2022.10.05"]
[SourceQuality "1"]

1. e4 e5 2. Nf3 Nc6 3. Nc3 Nf6 4. d4 exd4 5. Nd5 h6 6. Bf4 d6 7. Nxd4 Nxd4 8. Qxd4 Nxd5 9. exd5 Be7 10. O-O-O O-O 11. Rg1 Bf6 12. Qd2 Bd7 13. g4 Re8 14. Bd3 Be5 15. g5 Bxf4 16. Qxf4 hxg5 17. Rxg5 Re5 18. Rdg1 Rxg5 19. Rxg5 Qe7 20. Kd2 Re8 21. Kc3 c6 22. Qh4 f5 23. dxc6 bxc6 24. b3 Qe1+ 25. Kb2 Qe5+ 26. c3 Qe1 27. Qd4 Qd2+ 28. Bc2 Qxg5 29. Qxd6 Qe7 30. Qd4 Qf7 31. Bd3 Be6 32. b4 Qe7 33. h4 Rd8 34. Qe3 Qf6 35. Bc2 Bf7 36. Qc5 Qxh4 37. Qxf5 Qf6 38. Qh7+ Kf8 39. Qh8+ Ke7 40. Qh2 Be6 41. Qc7+ Rd7 42. Qxc6 Qe5 43. Qf3 Rc7 44. a4 Bd5 45. Qd3 Bc4 46. Qg6 Bf7 47. Qd3 Qe6 48. Qg3 Qa2+ 49. Kc1 Qa1+ 50. Kd2 Rd7+ 51. Ke2 Qc1 52. Qe5+ Be6 53. Qxg7+ 1-0

[Event "Titled Tuesday 2022.09.13 Late"]
[Site "Chess.com INT"]
[Date "2022.09.13"]
[Round "3"]
[White "Stanojoski, Zvonko"]
[Black "Tayar, Jonathan"]
[Result "1/2-1/2"]
[WhiteElo "2413"]
[BlackElo "2344"]
[WhiteFideId "-1"]
[WhiteFideId "-1"]
[PlyCount "132"]
[GameId "1826751784988672"]
[EventDate "2022.09.13"]
[EventType "swiss (blitz)"]
[EventRounds "11"]
[EventCountry "NET"]
[SourceTitle "EXT 2023"]
[Source "ChessBase"]
[SourceDate "2022.10.05"]
[SourceVersion "1"]
[SourceVersionDate "2022.10.05"]
[SourceQuality "1"]

1. e4 c5 2. Nf3 d6 3. d4 Nf6 4. Nc3 cxd4 5. Nxd4 a6 6. g3 Bg4 7. f3 Bd7 8. Be3 Nc6 9. Qd2 Rc8 10. Nxc6 Bxc6 11. g4 e6 12. g5 Nd7 13. O-O-O Be7 14. h4 Qa5 15. Kb1 b5 16. Bf4 e5 17. Be3 Nb6 18. Bxb6 Qxb6 19. Bh3 Rc7 20. h5 Qc5 21. g6 hxg6 22. hxg6 Rf8 23. gxf7+ Rxf7 24. Bf5 b4 25. Nd5 Bxd5 26. Qxd5 Qxd5 27. Rxd5 Rf6 28. Rh8+ Bf8 29. Ra5 Ra7 30. b3 Rh6 31. Rxh6 gxh6 32. Bc8 h5 33. Rxa6 Rxa6 34. Bxa6 Bh6 35. Kb2 Bd2 36. a4 Ke7 37. Bf1 Kf6 38. a5 Kg5 39. a6 Be3 40. c3 bxc3+ 41. Kxc3 Kf4 42. Kd3 Kxf3 43. Be2+ Kf4 44. Bxh5 Ba7 45. Bf7 Kg5 46. Kc4 Kf6 47. Bh5 Ke7 48. Kd5 Kd7 49. b4 Kc7 50. b5 Bb6 51. Be8 Ba7 52. Bc6 Bc5 53. Kc4 Bb6 54. Bd5 Ba7 55. Kb4 Bb6 56. Kc4 Bc5 57. Kb3 Kb6 58. Kc4 Ka7 59. Bc6 Kb6 60. Kd5 Kc7 61. Ke6 Bb6 62. Bd5 Ba7 63. Ke7 Bb6 64. Ke6 Ba7 65. Kf5 Bc5 66. Ke6 Ba7 1/2-1/2

[Event "Titled Tuesday 2022.09.13 Late"]
[Site "Chess.com INT"]
[Date "2022.09.13"]
[Round "5"]
[White "Tayar, Jonathan"]
[Black "Jorquera Cahuin, Marcelo Joaquin"]
[Result "1-0"]
[WhiteElo "2344"]
[BlackElo "2233"]
[WhiteFideId "-1"]
[WhiteFideId "-1"]
[PlyCount "69"]
[GameId "1826751785771008"]
[EventDate "2022.09.13"]
[EventType "swiss (blitz)"]
[EventRounds "11"]
[EventCountry "NET"]
[SourceTitle "EXT 2023"]
[Source "ChessBase"]
[SourceDate "2022.10.05"]
[SourceVersion "1"]
[SourceVersionDate "2022.10.05"]
[SourceQuality "1"]

1. e4 d5 2. exd5 Qxd5 3. Nc3 Qa5 4. d4 Nf6 5. Bc4 Bg4 6. f3 Bd7 7. Bb3 e6 8. Nge2 c5 9. Be3 Nc6 10. Qd2 Be7 11. O-O-O O-O-O 12. Kb1 cxd4 13. Nxd4 Nxd4 14. Qxd4 Kb8 15. g4 Ka8 16. g5 Bc6 17. Qf4 Nd5 18. Nxd5 Bxd5 19. Qxf7 Bxb3 20. axb3 Bxg5 21. Bxg5 Qxg5 22. Rdg1 Qf5 23. Qxf5 exf5 24. Rxg7 Rd2 25. h4 a6 26. Re1 Rc8 27. Rc1 Rf2 28. Rxh7 Rxf3 29. h5 Rh3 30. Rd1 Rh2 31. c3 f4 32. Rdd7 Rb8 33. Rdf7 Rf2 34. h6 Rg8 35. Rhg7 1-0

[Event "PNWCC Online Blitz JP II"]
[Site "chess.com INT"]
[Date "2020.03.21"]
[Round "1"]
[White "Tang, Vincent"]
[Black "Tayar, Jonathan"]
[Result "0-1"]
[WhiteElo "1332"]
[BlackElo "2344"]
[WhiteFideId "-1"]
[WhiteFideId "-1"]
[PlyCount "75"]
[GameId "2130307597554597"]
[EventDate "2020.03.21"]
[EventType "swiss (blitz)"]
[EventRounds "11"]
[EventCountry "USA"]
[SourceTitle "The Week in Chess 1324"]
[Source "Mark Crowther"]
[SourceDate "2020.03.23"]
[SourceVersion "1"]
[SourceVersionDate "2020.03.23"]
[SourceQuality "2"]

1. d4 Nf6 2. c4 Nc6 3. Nc3 e5 4. d5 Ne7 5. e4 Ng6 6. f3 Bc5 7. Nge2 a6 8. a3 d6 9. b4 Ba7 10. Qb3 c6 11. Na4 O-O 12. Be3 b5 13. Nb2 bxc4 14. Nxc4 cxd5 15. exd5 Nxd5 16. Bxa7 Rxa7 17. Rd1 Be6 18. Nc3 Nxc3 19. Qxc3 Rc7 20. Rc1 d5 21. Rd1 Qe7 22. Be2 d4 23. Qc2 Nf4 24. O-O Nxe2+ 25. Qxe2 Bxc4 26. Qd2 Bxf1 27. Rxf1 Rfc8 28. Re1 h6 29. h3 Qf6 30. Qd3 Rc3 31. Qe4 Rxa3 32. Qb7 Rac3 33. b5 axb5 34. Qxb5 d3 35. Qb2 e4 36. Kh2 Qf4+ 37. Kg1 e3 38. Qc1 0-1

[Event "PNWCC Online Blitz JP II"]
[Site "chess.com INT"]
[Date "2020.03.21"]
[Round "2"]
[White "Tayar, Jonathan"]
[Black "Tsay, Vincent"]
[Result "1-0"]
[WhiteElo "2344"]
[BlackElo "2310"]
[WhiteFideId "-1"]
[WhiteFideId "-1"]
[PlyCount "93"]
[GameId "2130307597554639"]
[EventDate "2020.03.21"]
[EventType "swiss (blitz)"]
[EventRounds "11"]
[EventCountry "USA"]
[SourceTitle "The Week in Chess 1324"]
[Source "Mark Crowther"]
[SourceDate "2020.03.23"]
[SourceVersion "1"]
[SourceVersionDate "2020.03.23"]
[SourceQuality "2"]

1. e4 c5 2. Nf3 e6 3. d4 cxd4 4. Nxd4 Nf6 5. Nc3 Nc6 6. Be3 Bb4 7. Bd3 O-O 8. O-O Ne5 9. Bg5 Be7 10. Be2 h6 11. Bf4 Ng6 12. Bg3 d5 13. e5 Ne4 14. Nxe4 dxe4 15. Bh5 Nh4 16. c3 Nf5 17. Re1 Bc5 18. Rxe4 Bxd4 19. cxd4 b6 20. Bg4 Bb7 21. Rf4 g6 22. Qf1 Rc8 23. Rd1 Rc2 24. h4 h5 25. Bxf5 exf5 26. d5 Qc7 27. Rfd4 Qc5 28. Bf4 Rxb2 29. d6 Re8 30. d7 Rd8 31. Bg5 Qf8 32. Bxd8 Qxd8 33. Qc4 b5 34. Qc5 Rxa2 35. e6 fxe6 36. Qe5 Bd5 37. Rxd5 exd5 38. Qxd5+ Kg7 39. Qxa2 a5 40. Qe6 b4 41. Qe5+ Kf7 42. g3 a4 43. Qd5+ Kg7 44. Re1 b3 45. Re8 Qc7 46. d8=Q Qc1+ 47. Kh2 1-0

[Event "PNWCC Online Blitz JP II"]
[Site "chess.com INT"]
[Date "2020.03.21"]
[Round "5"]
[White "Tayar, Jonathan"]
[Black "Christiansen, Johan Sebastian"]
[Result "1/2-1/2"]
[WhiteElo "2344"]
[BlackElo "2609"]
[WhiteFideId "-1"]
[WhiteFideId "-1"]
[PlyCount "123"]
[GameId "2130307597554767"]
[EventDate "2020.03.21"]
[EventType "swiss (blitz)"]
[EventRounds "11"]
[EventCountry "USA"]
[SourceTitle "The Week in Chess 1324"]
[Source "Mark Crowther"]
[SourceDate "2020.03.23"]
[SourceVersion "1"]
[SourceVersionDate "2020.03.23"]
[SourceQuality "2"]

1. e4 e5 2. Nf3 Nc6 3. Bc4 Nf6 4. Ng5 d5 5. exd5 Na5 6. Bb5+ c6 7. dxc6 bxc6 8. Qf3 cxb5 9. Qxa8 Qc7 10. Nc3 a6 11. O-O Nc6 12. a4 b4 13. Nb5 Qd7 14. d4 Be7 15. dxe5 Ng4 16. Bf4 O-O 17. Rad1 Qf5 18. Bg3 Qxg5 19. Qxc6 axb5 20. axb5 Nxe5 21. Qc7 Ng6 22. Rfe1 h5 23. h4 Qxb5 24. Rxe7 Nxe7 25. Qxe7 Bf5 26. Qg5 g6 27. Re1 Re8 28. Rxe8+ Qxe8 29. Qf6 Qe6 30. Qd8+ Kh7 31. Qd2 Qc4 32. c3 b3 33. Be5 Qxh4 34. Bd4 Qe4 35. Qg5 Qe1+ 36. Kh2 Qe6 37. Qd8 f6 38. Qc7+ Kh6 39. Qf4+ Kg7 40. f3 Qf7 41. g4 hxg4 42. fxg4 Bc2 43. g5 Kg8 44. gxf6 Qe6 45. Qf3 Bf5 46. Kg3 Qd6+ 47. Qf4 Qd5 48. Qb8+ Kf7 49. Qc7+ Bd7 50. Qf4 Qh1 51. Kf2 Qb1 52. c4 Qc2+ 53. Kg3 Qxc4 54. Qd6 Qe6 55. Qxe6+ Bxe6 56. Kf4 Bf5 57. Kg5 Bc2 58. Bc3 Bf5 59. Bd2 Bc2 60. Bc3 Bf5 61. Bd2 Bc2 62. Bc3 1/2-1/2

[Event "PNWCC Online Blitz JP II"]
[Site "chess.com INT"]
[Date "2020.03.21"]
[Round "6"]
[White "Sheng, Joshua"]
[Black "Tayar, Jonathan"]
[Result "0-1"]
[WhiteElo "2474"]
[BlackElo "2344"]
[WhiteFideId "-1"]
[WhiteFideId "-1"]
[PlyCount "50"]
[GameId "2130307597562997"]
[EventDate "2020.03.21"]
[EventType "swiss (blitz)"]
[EventRounds "11"]
[EventCountry "USA"]
[SourceTitle "The Week in Chess 1324"]
[Source "Mark Crowther"]
[SourceDate "2020.03.23"]
[SourceVersion "1"]
[SourceVersionDate "2020.03.23"]
[SourceQuality "2"]

1. c4 Nf6 2. Nc3 g6 3. e4 d6 4. d4 Bg7 5. h3 O-O 6. Be3 e5 7. d5 Na6 8. g4 Nc5 9. f3 a5 10. Qd2 c6 11. Nge2 a4 12. Ng3 cxd5 13. cxd5 Qa5 14. h4 Bxg4 15. fxg4 Nxg4 16. Be2 f5 17. exf5 Nxe3 18. Qxe3 a3 19. O-O axb2 20. Rab1 Qb4 21. fxg6 Rxf1+ 22. Bxf1 Ra3 23. Qf2 hxg6 24. Nb5 e4 25. Qf4 Be5 0-1

[Event "PNWCC Online Blitz JP II"]
[Site "chess.com INT"]
[Date "2020.03.21"]
[Round "8"]
[White "Tayar, Jonathan"]
[Black "Zherebukh, Yaroslav"]
[Result "0-1"]
[WhiteElo "2344"]
[BlackElo "2620"]
[WhiteFideId "-1"]
[WhiteFideId "-1"]
[PlyCount "54"]
[GameId "2130307597567177"]
[EventDate "2020.03.21"]
[EventType "swiss (blitz)"]
[EventRounds "11"]
[EventCountry "USA"]
[SourceTitle "The Week in Chess 1324"]
[Source "Mark Crowther"]
[SourceDate "2020.03.23"]
[SourceVersion "1"]
[SourceVersionDate "2020.03.23"]
[SourceQuality "2"]

1. e4 c5 2. Nf3 d6 3. d4 cxd4 4. Nxd4 Nf6 5. Nc3 a6 6. Bg5 Nbd7 7. Qe2 h6 8. Bh4 g6 9. O-O-O e5 10. Nb3 Qc7 11. f3 b5 12. g4 b4 13. Nd5 Nxd5 14. exd5 Bg7 15. f4 Nb6 16. fxe5 Bxe5 17. Bf6 Bxg4 18. Qxg4 Bxf6 19. Re1+ Be5 20. Qxb4 O-O 21. Qa5 Rfc8 22. Bd3 Rab8 23. h4 Bxb2+ 24. Kb1 Bc3 25. Qxa6 Nxd5 26. Re4 Nb4 27. Qc4 Qa7 0-1

[Event "PNWCC Online Blitz JP II"]
[Site "chess.com INT"]
[Date "2020.03.21"]
[Round "9"]
[White "Tayar, Jonathan"]
[Black "Predojevic, Borki"]
[Result "1-0"]
[WhiteElo "2344"]
[BlackElo "2604"]
[WhiteFideId "-1"]
[WhiteFideId "-1"]
[PlyCount "61"]
[GameId "2130307597567216"]
[EventDate "2020.03.21"]
[EventType "swiss (blitz)"]
[EventRounds "11"]
[EventCountry "USA"]
[SourceTitle "The Week in Chess 1324"]
[Source "Mark Crowther"]
[SourceDate "2020.03.23"]
[SourceVersion "1"]
[SourceVersionDate "2020.03.23"]
[SourceQuality "2"]

1. e4 c5 2. Nf3 d6 3. d4 cxd4 4. Nxd4 Nf6 5. Nc3 a6 6. Bg5 Nbd7 7. Qe2 h6 8. Bxf6 Nxf6 9. e5 dxe5 10. Qxe5 Bd7 11. Bc4 Rc8 12. Bb3 Qc7 13. Qe2 e6 14. O-O-O Be7 15. Kb1 O-O 16. h4 Bb4 17. Ne4 Nxe4 18. Qxe4 a5 19. a4 Bc5 20. g4 Rfd8 21. g5 Bxd4 22. Qxd4 Bc6 23. Qg4 Bxh1 24. Rxh1 Qe5 25. g6 Rd4 26. gxf7+ Kxf7 27. Bxe6+ Ke7 28. Qg6 Rf8 29. Bb3 Rxf2 30. Qb6 Rd7 31. Qxf2 1-0

[Event "PNWCC Online Blitz JP II"]
[Site "chess.com INT"]
[Date "2020.03.21"]
[Round "10"]
[White "Kadric, Denis"]
[Black "Tayar, Jonathan"]
[Result "1-0"]
[WhiteElo "2579"]
[BlackElo "2344"]
[WhiteFideId "-1"]
[WhiteFideId "-1"]
[PlyCount "51"]
[GameId "2130307597567241"]
[EventDate "2020.03.21"]
[EventType "swiss (blitz)"]
[EventRounds "11"]
[EventCountry "USA"]
[SourceTitle "The Week in Chess 1324"]
[Source "Mark Crowther"]
[SourceDate "2020.03.23"]
[SourceVersion "1"]
[SourceVersionDate "2020.03.23"]
[SourceQuality "2"]

1. e4 c5 2. Nc3 d6 3. f4 Nc6 4. Nf3 g6 5. Bb5 Bg7 6. d3 Bd7 7. Bc4 e6 8. f5 exf5 9. O-O Nge7 10. Qe1 Nd4 11. Nxd4 cxd4 12. exf5 gxf5 13. Nd5 Be6 14. Bg5 Bxd5 15. Bxd5 Be5 16. Rxf5 Nxf5 17. Bxd8 Rxd8 18. Qf2 Nh6 19. Qh4 Ng8 20. Rf1 f6 21. Qh5+ Kd7 22. Qf7+ Ne7 23. Be6+ Kc6 24. Qxe7 Rhe8 25. Qf7 Rf8 26. Bd5+ 1-0

[Event "PNWCC Online Blitz JP II"]
[Site "chess.com INT"]
[Date "2020.03.21"]
[Round "11"]
[White "Yoo, Christopher"]
[Black "Tayar, Jonathan"]
[Result "0-1"]
[WhiteElo "2438"]
[BlackElo "2344"]
[WhiteFideId "-1"]
[WhiteFideId "-1"]
[PlyCount "66"]
[GameId "2130307597567311"]
[EventDate "2020.03.21"]
[EventType "swiss (blitz)"]
[EventRounds "11"]
[EventCountry "USA"]
[SourceTitle "The Week in Chess 1324"]
[Source "Mark Crowther"]
[SourceDate "2020.03.23"]
[SourceVersion "1"]
[SourceVersionDate "2020.03.23"]
[SourceQuality "2"]

1. e4 c5 2. d4 cxd4 3. Nf3 d6 4. Nxd4 Nf6 5. Nc3 a6 6. Bg5 e6 7. Qf3 Nbd7 8. O-O-O Qc7 9. Qg3 h6 10. Bxf6 Nxf6 11. f4 g5 12. e5 Nh5 13. Qf3 Nxf4 14. exd6 Bxd6 15. Ndb5 axb5 16. Nxb5 Qc5 17. Nxd6+ Ke7 18. Bc4 Rd8 19. Nxc8+ Rdxc8 20. Qxb7+ Kf6 21. Rd7 Qxc4 22. Rxf7+ Ke5 23. Qb3 Qxb3 24. Re1+ Kd6 25. axb3 Nd3+ 26. Kd2 Nxe1 27. Kxe1 Rxc2 28. Kd1 Rxb2 29. Kc1 Rxg2 30. Rf2 Rxf2 31. Kb1 Rxh2 32. b4 Rf8 33. b5 Rf1# 0-1

[Event "PNWCC Online blitz JP 2nd"]
[Site "Chess.com INT"]
[Date "2020.03.21"]
[Round "7"]
[White "Miljkovic, Miroslav D"]
[Black "Tayar, Jonathan"]
[Result "0-1"]
[WhiteElo "2482"]
[BlackElo "2344"]
[WhiteFideId "-1"]
[WhiteFideId "-1"]
[PlyCount "84"]
[GameId "1497012139368448"]
[EventDate "2020.03.21"]
[EventType "swiss (blitz)"]
[EventRounds "11"]
[EventCountry "USA"]
[SourceTitle "CBM 195 Extra"]
[Source "ChessBase"]
[SourceDate "2020.05.31"]
[SourceVersion "1"]
[SourceVersionDate "2020.05.31"]
[SourceQuality "1"]

1. d4 Nf6 2. c4 g6 3. Nc3 Bg7 4. e4 d6 5. h3 O-O 6. Bg5 h6 7. Be3 e5 8. d5 Na6 9. g4 Nc5 10. Bg2 a5 11. Nge2 c6 12. Qd2 h5 13. g5 Nh7 14. Rd1 cxd5 15. Qxd5 Ne6 16. Qxd6 Qxd6 17. Rxd6 Nhxg5 18. h4 Nh7 19. Nd5 Nf6 20. Nec3 Ng4 21. Bb6 a4 22. Nb5 a3 23. b3 Nf4 24. Nxf4 exf4 25. f3 Ne3 26. Bxe3 fxe3 27. Ke2 Be5 28. Rd5 Bf4 29. Bh3 Be6 30. Bxe6 fxe6 31. Rd7 Rf7 32. Rhd1 Raf8 33. Rxf7 Rxf7 34. Nxa3 g5 35. Rg1 Rd7 36. Nb1 Kf7 37. hxg5 Kg6 38. Rd1 Rxd1 39. Kxd1 h4 40. Ke2 h3 41. Kf1 h2 42. Kg2 e2 0-1

[Event "Oxford-Cambridge m"]
[Site "London ENG"]
[Date "2020.03.07"]
[Round "1.4"]
[White "Mihov, Filip"]
[Black "Tayar, Jonathan"]
[Result "1/2-1/2"]
[WhiteElo "2213"]
[BlackElo "2344"]
[WhiteFideId "-1"]
[WhiteFideId "-1"]
[PlyCount "116"]
[GameId "2130307597663381"]
[EventDate "2020.03.07"]
[EventType "match"]
[EventRounds "1"]
[EventCountry "ENG"]
[SourceTitle "10 Days #608"]
[Source "ChessMix"]
[SourceDate "2020.03.10"]
[SourceVersion "1"]
[SourceVersionDate "2020.03.10"]
[SourceQuality "1"]
[WhiteTeam "Oxford"]
[BlackTeam "Cambridge"]

1. d4 Nf6 2. c4 g6 3. Nc3 Bg7 4. e4 d6 5. Be2 O-O 6. Nf3 e5 7. d5 a5 8. h3 Na6 9. Bg5 Qe8 10. g4 Kh8 11. Nd2 Ng8 12. h4 f5 13. gxf5 gxf5 14. exf5 Bxf5 15. Nde4 Qd7 16. Rg1 Nf6 17. Bd3 Nxe4 18. Nxe4 Bxe4 19. Bxe4 Nc5 20. Qc2 Nxe4 21. Qxe4 Qf5 22. Qxf5 Rxf5 23. Rc1 b6 24. b3 Bf6 25. Bxf6+ Rxf6 26. Rc3 Raf8 27. Rg2 Rf3 28. Rxf3 Rxf3 29. Rg4 a4 30. bxa4 Ra3 31. h5 Rxa2 32. h6 Rxa4 33. Kd2 b5 34. Kc3 bxc4 35. Rxc4 Ra3+ 36. Kd2 Rh3 37. Rxc7 Rxh6 38. Ke3 Rf6 39. f3 Kg8 40. Ke4 Rf4+ 41. Ke3 Rd4 42. Rd7 Rxd5 43. f4 exf4+ 44. Kxf4 Rd1 45. Kf5 h5 46. Kg6 Kf8 47. Kxh5 Ke8 48. Ra7 Rg1 49. Kh4 Kd8 50. Kh5 Rg3 51. Kh4 Rg1 52. Kh5 Kc8 53. Kh4 Rb1 54. Kg3 Rb7 55. Ra8+ Kd7 56. Kf3 Kc6 57. Ke3 Kd5 58. Kd3 Rb3+ 1/2-1/2

[Event "BUCA-ch"]
[Site "Birmingham ENG"]
[Date "2020.02.22"]
[Round "1.2"]
[White "Belsley, Alexandre"]
[Black "Tayar, Jonathan"]
[Result "0-1"]
[WhiteElo "2069"]
[BlackElo "2344"]
[WhiteFideId "-1"]
[WhiteFideId "-1"]
[PlyCount "74"]
[GameId "2130307597951105"]
[EventDate "2020.02.22"]
[EventType "swiss"]
[EventRounds "5"]
[EventCountry "ENG"]
[WhiteTeam "Bristol 1"]
[BlackTeam "Cambridge 1"]

1. d4 Nf6 2. c4 Nc6 3. Nf3 e6 4. g3 d5 5. Bg2 dxc4 6. Qa4 Bb4+ 7. Bd2 Nd5 8. Ne5 Bd7 9. Nxd7 Qxd7 10. e3 Rb8 11. O-O b5 12. Qc2 Bxd2 13. Nxd2 Ncb4 14. Qd1 O-O 15. Nf3 c5 16. dxc5 Qc7 17. b3 Rfd8 18. Qe2 Qxc5 19. Rfc1 Nb6 20. a4 Nd3 21. Rc2 c3 22. axb5 Nb4 23. Rcc1 e5 24. Ng5 Qe7 25. Qh5 h6 26. Ne4 c2 27. g4 Rbc8 28. g5 Nd3 29. gxh6 Nxc1 30. hxg7 Rd1+ 31. Bf1 f5 32. Rxa7 Qxa7 33. Qh8+ Kf7 34. Ng5+ Kg6 35. g8=Q+ Rxg8 36. Qxg8+ Qg7 37. Qe6+ Kxg5 0-1

[Event "BUCA-ch"]
[Site "Birmingham ENG"]
[Date "2020.02.22"]
[Round "2.2"]
[White "Tayar, Jonathan"]
[Black "Mihov, Filip"]
[Result "0-1"]
[WhiteElo "2344"]
[BlackElo "2213"]
[WhiteFideId "-1"]
[WhiteFideId "-1"]
[PlyCount "80"]
[GameId "2130307597951124"]
[EventDate "2020.02.22"]
[EventType "swiss"]
[EventRounds "5"]
[EventCountry "ENG"]
[WhiteTeam "Cambridge 1"]
[BlackTeam "Oxford"]

1. e4 c5 2. Nf3 e6 3. d4 cxd4 4. Nxd4 Nf6 5. Nc3 Qb6 6. Nb3 Bb4 7. Bd3 d6 8. O-O Bxc3 9. bxc3 e5 10. Kh1 O-O 11. f4 Re8 12. Qf3 Qc6 13. fxe5 dxe5 14. Bg5 Nbd7 15. Na5 Qxc3 16. Nc4 Qb4 17. Rab1 Qf8 18. Ne3 b6 19. Bb5 Bb7 20. Bxf6 Nxf6 21. Bxe8 Rxe8 22. Nd5 Bxd5 23. exd5 Qc5 24. Rbd1 e4 25. Qf5 e3 26. Rfe1 Ne4 27. Rd3 g6 28. Qd7 Re5 29. d6 Nf2+ 30. Kg1 Nxd3 31. cxd3 e2+ 32. Kh1 Qf2 33. Qc8+ Kg7 34. Qc1 Rf5 35. Rg1 Rd5 36. Qe1 Qxe1 37. Rxe1 Rxd3 38. Kg1 Rd1 39. Kf2 Rxe1 40. Kxe1 Kf6 0-1

[Event "BUCA-ch"]
[Site "Birmingham ENG"]
[Date "2020.02.22"]
[Round "3.2"]
[White "Tayar, Jonathan"]
[Black "Yao, Lan"]
[Result "1-0"]
[WhiteElo "2344"]
[BlackElo "2297"]
[WhiteFideId "-1"]
[WhiteFideId "-1"]
[PlyCount "73"]
[GameId "2130307597951144"]
[EventDate "2020.02.22"]
[EventType "swiss"]
[EventRounds "5"]
[EventCountry "ENG"]
[WhiteTeam "Cambridge 1"]
[BlackTeam "UCL 1"]

1. e4 c5 2. Nf3 e6 3. d4 cxd4 4. Nxd4 Nc6 5. Be3 Nf6 6. Nc3 Qc7 7. Qd2 a6 8. O-O-O Be7 9. f4 d6 10. Be2 Nxd4 11. Bxd4 e5 12. Be3 b5 13. Nd5 Nxd5 14. exd5 exf4 15. Bxf4 Bf5 16. g4 Be4 17. Rhe1 O-O 18. Bd3 Bxd3 19. Qxd3 Rfe8 20. Kb1 Qd7 21. Qf3 Rac8 22. Bg3 Bf8 23. Rf1 Rc4 24. g5 Rce4 25. Rd3 g6 26. h4 Bg7 27. h5 gxh5 28. Qxh5 Re3 29. Qd1 Rxd3 30. Qxd3 Qe7 31. Qf5 Qc7 32. Rh1 Kf8 33. Qxh7 Qc5 34. Qf5 Kg8 35. g6 fxg6 36. Qxg6 Rc8 37. Qe6+ 1-0

[Event "BUCA-ch"]
[Site "Birmingham ENG"]
[Date "2020.02.23"]
[Round "4.2"]
[White "Dicu, Dan Alexandru"]
[Black "Tayar, Jonathan"]
[Result "1/2-1/2"]
[WhiteElo "2115"]
[BlackElo "2344"]
[WhiteFideId "-1"]
[WhiteFideId "-1"]
[PlyCount "58"]
[GameId "2130307597951162"]
[EventDate "2020.02.22"]
[EventType "swiss"]
[EventRounds "5"]
[EventCountry "ENG"]
[WhiteTeam "Warwick 1"]
[BlackTeam "Cambridge 1"]

1. e4 c5 2. c3 b6 3. d4 Bb7 4. Nd2 Nf6 5. Bd3 cxd4 6. cxd4 Nc6 7. Ngf3 Nb4 8. Bc4 a6 9. e5 Nfd5 10. O-O b5 11. Bb3 Nd3 12. Ne4 Nxc1 13. Rxc1 e6 14. Nc3 Nxc3 15. Rxc3 Bb4 16. Rd3 O-O 17. d5 Qe7 18. Qe2 exd5 19. Bxd5 Bc6 20. Rfd1 Bc5 21. Qe4 Rac8 22. Nd4 Bxd4 23. Qxd4 Bxd5 24. Qxd5 Rc5 25. Qxd7 Qxe5 26. Qd4 Qxd4 27. Rxd4 Rc2 28. R4d2 Rxd2 29. Rxd2 Rc8 1/2-1/2